000 01469cam a22003857a 4500
003 CHAP
005 20220817043601.0
008 991215d1999 mx r 00110 spa d
010 _a79083
011 _a80055
035 _a90497
040 _cCHAP
090 _aTesis
100 0 0 _aCastellanos Rosales, María Elena.
_920020
245 1 0 _aControl químico de avena silvestre (Avena fatua L.) resistente a herbicidas de los grupos FOP y DIM bajo condiciones de invernadero
_c/por María Elena Castellanos Rosales
260 _aChapingo, Méx. :
_bEl autor,
_c1999
300 _a65 h. :
_bcuadros
502 _aTesis (Ing. Agr. Esp. en Parasitología Agrícola) -- UACH. Departamento de Parasitología Agrícola
590 _aALEPH
_b10
_c20130110
_lUCH01
_h1430
590 _aBATCH-UPD
_b10
_c20130110
_lUCH01
_h0202
590 _aBATCH-UPD
_b10
_c20130110
_lUCH01
_h0911
590 _aBATCH-UPD
_b10
_c20130409
_lUCH01
_h2211
590 _aBATCH-UPD
_b10
_c20130914
_lUCH01
_h0434
590 _aCONVERSION
_b10
_c20130109
_lUCH01
_h1344
650 1 4 _aAvena fatua.
_98557
650 1 4 _aAvena
_xMalas hierbas
_xControl.
_98531
650 1 4 _aHerbicidas.
_953691
650 1 4 _aMalas hierbas
_xResistencia a herbicidas.
901 _aBK
905 _aMarco A. Mendoza T.
942 _cFOLL
949 _bBC
_cTES
_d33724000751442
_eTS2
_fc.2
_h35245
_i90497
_sb
949 _bBC
_cTES
_d33724000751459
_eTS2
_fc.3
_h35246
_i90497
_si
949 _bBC
_cTES
_d904971
_eTS1
_h35244
_i90497
_sb
999 _c79083
_d79083